Portugalia - podział administracyjny Portugalii - Mapa - Statystyki

Ogólne statystyki
  • Ten quiz został rozwiązany 319 razy
  • Średni wynik to 8 z 20
Odpowiedzi na mapie
Odpowiedzi zakodowano w zielono-czerwonej skali na mapie do tego quizu, zgodnie z poniższymi procentami.
 
Statystyki odpowiedzi
Dystrykt % Poprawnych
Lizbona
97%
Porto
89%
Autonomiczny Region Azorów
75%
Autonomiczny Region Madery
75%
Faro
57%
Braga
51%
Beja
34%
Setúbal
34%
Coimbra
32%
Évora
26%
Aveiro
25%
Bragança
25%
Portalegre
22%
Santarém
20%
Viseu
20%
Leiria
18%
Vila Real
18%
Castelo Branco
15%
Guarda
15%
Viana do Castelo
15%
Nie znaleziono quizów pasujących do podanych kryteriów
Rozkład punktacji
Procent ludzi z każdym wynikiem
Percentyl według liczby udzielonych odpowiedzi
Twoja historia wyników
Nie rozwiązałeś tego quizu